Iglesia, ecumenismo y política (Record no. 172029)

MARC details
000 -LEADER
campo de control de longitud fija 00980nam a2200253 i 4500
001 - NÚMERO DE CONTROL
campo de control 172029
003 - IDENTIFICADOR DE NÚMERO DE CONTROL
campo de control ES-MaACL
005 - FECHA Y HORA DE LA ÚLTIMA TRANSACCIÓN
campo de control 20250808062822.0
008 - DATOS DE LONGITUD FIJA--INFORMACIÓN GENERAL
campo de control de longitud fija 090612s1987 sp |||| | spa d
017 ## - NÚMERO DE COPYRIGHT O DE DEPÓSITO LEGAL
Número de copyright o de depósito legal M 35581-1987
020 ## - NÚMERO INTERNACIONAL ESTÁNDAR DEL LIBRO
Número Internacional Estándar del Libro 84-220-1303-7
100 0# - ENTRADA PRINCIPAL--NOMBRE DE PERSONA
Nombre de persona Benedicto
Numeración XVI,
Títulos y otros términos asociados al nombre Papa
9 (RLIN) 234934
245 10 - MENCIÓN DEL TÍTULO
Título Iglesia, ecumenismo y política
Resto del título : nuevos ensayos de eclesiología /
Mención de responsabilidad, etc. Joseph Ratzinger ; [traducción de Bartolomé Parera (parte I), José Luis Legaza (parte II) y Gonzalo Haya (parte III)].
260 ## - PUBLICACIÓN, DISTRIBUCIÓN, ETC.
Lugar de publicación, distribución, etc. Madrid :
Nombre del editor, distribuidor, etc. La Editorial Católica,
Fecha de publicación, distribución, etc. 1987.
300 ## - DESCRIPCIÓN FÍSICA
Extensión XII, 304 p., 1 h. ;
Dimensiones 20 cm.
490 1# - MENCIÓN DE SERIE
Mención de serie Biblioteca de autores cristianos ;
Designación de volumen o secuencia 494
594 ## - Nota al título y mención de responsabilidad
Nota al título y mención de responsabilidad Traducción de : Kirche, Ökumene und Politik.
700 0# - ENTRADA AGREGADA--NOMBRE PERSONAL
Nombre de persona Parera Galmes, Bartolomé.
9 (RLIN) 89096
700 0# - ENTRADA AGREGADA--NOMBRE PERSONAL
Nombre de persona Legaza, José Luis.
9 (RLIN) 71265
700 1# - ENTRADA AGREGADA--NOMBRE PERSONAL
Nombre de persona Haya, Gonzalo.
9 (RLIN) 62182
830 00 - PUNTO DE ACCESO ADICIONAL DE SERIE-TÍTULO UNIFORME
Título uniforme Biblioteca de autores cristianos
Designación de volumen o secuencia 494
9 (RLIN) 178679
852 ## - LOCALIZACIÓN
Ubicación ES-MaACL
Número de control de estantería J-481
itemnumber R.46092
Holdings
Estatus retirado Estado de pérdida Estado de daño No para préstamo Biblioteca de origen Biblioteca actual Ubicación en estantería Fecha de adquisición Fuente de adquisición Total de préstamos Signatura topográfica completa Código de barras Visto por última vez Precio de reemplazo Tipo de ítem Koha
        Biblioteca del Ateneo de Madrid Biblioteca del Ateneo de Madrid Depósito 2 12/06/2009     J-481 1180535 23/02/2023 23/02/2023 Libro impreso